| 000 | 00922nam a2200205Ia 4500 | ||
|---|---|---|---|
| 999 |
_c37759 _d37759 |
||
| 001 | 3735 | ||
| 003 | GE_BSU | ||
| 005 | 20190805173338.0 | ||
| 008 | 181216s||||||||ge |||||||||||||| ||geo|| | ||
| 040 | _cGE_BSU | ||
| 041 | _ageo | ||
| 080 | _a069(079.22) ს–24 | ||
| 245 |
_aსამუზეუმო ექსპონატთა რესტავრაცია, კონსერვაცია, ტექნოლოგია l. / _cრედ. რ. ბახტაძე |
||
| 264 |
_aთბილისი : _bმეცნიერება, _c1974. |
||
| 300 |
_a148 გვ.; _b21სმ. |
||
| 653 | _aსამუზეუმო ექსპონატთა რესტავრაცია | ||
| 653 | _aსამუზეუმო ექსპონატების კონსერვაცია | ||
| 700 |
_aბახტაძე, რ. _eრედაქტორი _93399 |
||
| 942 |
_cBK _2udc |
||